000 00620cam a22002171 4500
001 sa 67002977
003 DLC
005 20260227112335.0
008 791101s1966 xx 000 0 eng
010 _asa 67002977
035 _a(OCoLC)5635691
040 _aDLC
_cNNepaSU
_dDLC
042 _apremarc
050 0 0 _aJQ379.A15
_bV3
082 _a324/.2021/5414
100 1 _aVasil, R. K.
245 1 0 _aW[est] Bengal elections 1962 ;
_ban analysis
_c[by] R. K. Vasil.
260 _a[Calcutta]
_bInstitute of Political and Social Studies
_c[1966]
300 _a61 p.
_c22 cm.
650 0 _aElections
_zIndia
_zWest Bengal.
999 _c73569
_d73569